Statistics for 素数大富豪重複無し6枚6桁(上位互換)

Click here to take the quiz!

General Stats

  • This quiz has been taken 7 times
  • The average score is 19 of 54

Answer Stats

Answer% Correct
987631
100%
856249
80%
987523
80%
987541
80%
754123
60%
764321
60%
865247
60%
874213
60%
875213
60%
964213
60%
974213
60%
987463
60%
765143
40%
765241
40%
854213
40%
854263
40%
874651
40%
876431
40%
956231
40%
965423
40%
968521
40%
982643
40%
984127
40%
985213
40%
986213
40%
986543
40%
987143
40%
987251
40%
862471
20%
875243
20%
875621
20%
876523
20%
952481
20%
954827
20%
963427
20%
964531
20%
974261
20%
974531
20%
974651
20%
975421
20%
976231
20%
976253
20%
976453
20%
976513
20%
976853
20%
983267
20%
984253
20%
986143
20%
986257
20%
986351
20%
986471
20%
864251
0%
865321
0%
875341
0%

Score Distribution

Percentile by Number Answered

Percent of People with Each Score

Your Score History

You have not taken this quiz